00860nam a2200253 i 450000100060000000300090000600500170001500700030003200800410003502000180007604000220009408000120011610000280012824501100015625000120026626000330027830000210031165100380033270000300037074000340040085200330043499900170046795201220048418568ES-MaACL20250815053919.0t|011031s1998 sp ||||0| spa j a84-923112-2-3 aM-BN bspa cM-BN a950"19"1 aDu Roy, Olivier.94571713aLa nueva Asia Central o La fabricación de naciones / cOlivier Roy ; [traducción de Agustín Temes]. a1ª ed. aMadrid : bSequitur, c1998. a324 p ; c21 cm. 7aAsia central-xHistoria291453971 aTemes, Agustín.91096643 aLa fabricación de naciones. aES-MaACLjL-25137 bR.130529 c18568d18568 00104070aATENEOMbATENEOMcDEPO2d2008-01-17eSCl0oL-25137p1019001r2023-02-23 00:00:00w2023-02-23yMONOGRAFIA